Catálogo
 En Linea

Acta final del primer symposium para evaluación y defensa de los recursos naturales de la República Dominicana. (Registro nro. 10604)

Detalles MARC
000 -CABECERA
campo de control de longitud fija 01253nam a2200241 a 4500
001 - NÚMERO DE CONTROL
campo de control 000010855
005 - FECHA Y HORA DE LA ÚLTIMA TRANSACCIÓN
campo de control 20200929162315.0
008 - DATOS DE LONGITUD FIJA--INFORMACIÓN GENERAL
campo de control de longitud fija 091012s1959 dr 001 0 spa d
040 ## - FUENTE DE LA CATALOGACIÓN
Centro catalogador/agencia de origen DO-SdBNP
Lengua de catalogación spa
Centro/agencia transcriptor BNPHU
082 ## - NÚMERO DE LA CLASIFICACIÓN DECIMAL DEWEY
Número de clasificación 333.7097293
Número de documento/Ítem S989a
111 1# - ENTRADA PRINCIPAL--NOMBRE DE CONGRESO/REUNIÓN
Nombre de congreso/reunión o jurisdicción como elemento de entrada Symposium para Evaluación y Defensa de los Recursos Naturales de la República Dominicana
Número del congreso/reunión o número de parte o sección (1:
Fecha del congreso/reunión 1958 :
Sede del congreso/Lugar de la reunión Ciudad Trujillo, República Dominicana)
9 (RLIN) 26180
245 10 - MENCIÓN DE TÍTULO
Título Acta final del primer symposium para evaluación y defensa de los recursos naturales de la República Dominicana.
260 ## - PUBLICACIÓN, DISTRIBUCIÓN, ETC.
Lugar de publicación, distribución, etc. Santo Domingo :
Nombre del editor, distribuidor, etc. Librería Dominicana,
Fecha de publicación, distribución, etc. 1959.
300 ## - DESCRIPCIÓN FÍSICA
Extensión 227 p. ;
Dimensiones 24 cm.
490 1# - MENCIÓN DE SERIE
Mención de serie Publicaciones de la Universidad de Santo Domingo
Designación de volumen o secuencia 119
490 1# - MENCIÓN DE SERIE
Mención de serie Publicaciones de la Universidad de Santo Domingo
Designación de volumen o secuencia 4, n.5
590 ## - NOTA LOCAL (RLIN)
Nota local Inventariado, 2019 / DG
650 #4 - PUNTO DE ACCESO ADICIONAL DE MATERIA--TÉRMINO DE MATERIA
Término de materia o nombre geográfico como elemento de entrada Recursos naturales
Subdivisión geográfica República Dominicana
Subdivisión de forma CONGRESOS, CONFERENCIAS, ETC.
9 (RLIN) 26181
650 #4 - PUNTO DE ACCESO ADICIONAL DE MATERIA--TÉRMINO DE MATERIA
Término de materia o nombre geográfico como elemento de entrada Conservación de recursos naturales
Subdivisión general Política de gobernamental
Subdivisión geográfica República Dominicana
Subdivisión de forma CONGRESOS, CONFERENCIAS, ETC.
9 (RLIN) 26182
830 #0 - PUNTO DE ACCESO ADICIONAL DE SERIE-TÍTULO UNIFORME
Título uniforme Publicaciones de la Universidad de Santo Domingo
Designación de volumen o secuencia 119
9 (RLIN) 818
830 #0 - PUNTO DE ACCESO ADICIONAL DE SERIE-TÍTULO UNIFORME
Título uniforme Publicaciones de la Universidad de Santo Domingo
Designación de volumen o secuencia Serie, 4
Número de parte o sección de la obra 5
9 (RLIN) 26183
910 ## - DATOS DE OPCIÓN DEL USUARIO (OCLC)
Datos de opción del usuario Validado. Control de calidad MFF
Existencias
Estado de retiro Estado de pérdida Restricciones de uso No para préstamo Código de colección Localización permanente Ubicación/localización actual Ubicación en estantería Fecha de adquisición Número de inventario Total de préstamos Signatura topográfica completa Código de barras Fecha visto por última vez Precio válido a partir de Tipo de ítem Koha Número de copia
      Excluido de préstamo Raros y valiosos Patrimonio Dominicano Patrimonio Dominicano Depósito 12.10.2009 LF1   333.7097293 S989a 10855-10 25.06.2020 25.06.2020 No se presta  
      Excluido de préstamo Raros y valiosos Patrimonio Dominicano Patrimonio Dominicano Depósito 12.10.2009 LF1   333.7097293a S989e 10855-20 25.06.2020 25.06.2020 No se presta e.2

Con tecnología Koha